| 000 | 00579nam a2200181Ia 4500 | ||
|---|---|---|---|
| 003 | GCL | ||
| 008 | 140319s9999 xx 000 0 ara d | ||
| 040 |
_aGCL / _cGCL |
||
| 082 | 0 | 4 |
_a843.03 _bم م |
| 100 | 1 | _aمورباك , فرانسوا | |
| 245 | 1 | 0 |
_aالملائكة السوداء / _cمورباك , فرانسوا |
| 700 | 1 | _aمحمود عبدالمنعم (ترجمة) | |
| 300 | _a205 ص | ||
| 490 |
_aروايات عالميه _v0 |
||
| 650 | 0 | 4 | _aالادب الفرنسى المترجم |
| 650 | 0 | 4 | _aالقصص الفرنسية المترجمة |
| 942 |
_2ddc _cBK |
||
| 999 |
_c47297 _d47297 |
||